000 00601nam a2200229Ia 4500
003 OSt
005 20221007073609.0
006 a|||||r|||| 00| 0
007 ta
008 221006b |||||||| |||| 00| 0 hin d
024 _a10,975
037 _cTextual
040 _aFLL
_cFLL
_bhin
041 _2hin
_ahin
082 _aZ2,35, 152 N8
100 _aAvtar Singh
245 0 _aSale of goods and hire purchase
260 _aLucknow
_bEastern Book Company India
_c1998
300 _a177p
_ccm.
942 _hZ2,35, 152 N8
_cTEXL
_2CC
999 _c1149241
_d1149241